Normal view
MARC view
Entry Personal Name
001 - CONTROL NUMBER
- control field: 2554
003 - CONTROL NUMBER IDENTIFIER
- control field: AM-YEHGA
005 - DATE AND TIME OF LATEST TRANSACTION
- control field: 20250617070437.0
008 - FIXED-LENGTH DATA ELEMENTS
- fixed length control field: 051222 a|ac|n|aab||||||||||||a |n|||||||
040 ## - CATALOGING SOURCE
- Original cataloging agency: AM-YEHGA
100 1# - HEADING--PERSONAL NAME
- Personal name: Դավթյան, Հովհաննես Արտեմի,
- Dates associated with a name: 1887-1985
400 1# - SEE FROM TRACING--PERSONAL NAME
- Personal name: Դավթյան, Հովհաննես,
- Dates associated with a name: 1887-1985
400 1# - SEE FROM TRACING--PERSONAL NAME
- Personal name: Դավթյան, Հովհ.
- Dates associated with a name: 1887-1985
400 1# - SEE FROM TRACING--PERSONAL NAME
- Personal name: Դավթյան, Հ.
- Fuller form of name: (Հովհաննես),
- Dates associated with a name: 1887-1985
400 1# - SEE FROM TRACING--PERSONAL NAME
- Personal name: Давтян, Ованес Артемович,
- Dates associated with a name: 1887-1985
400 1# - SEE FROM TRACING--PERSONAL NAME
- Personal name: Davtyan, Hovhannes Artemi,
- Dates associated with a name: 1887-1985
670 ## - SOURCE DATA FOUND
- Source citation: Խաչատրյան Հ.Հ. Գրական տեղեկատու, 1986 :
- Information found: էջ 141 (Հովհաննես Արտեմի Դավթյան (1887, ավ. Սուրամ, Վրաստան, Գորիի գավ. -1985, Թբիլիսի), թարգմանիչ, մանկավարժ, Վրաց. ՍՍՀ վաստ. ուսուցիչ, լրագրող, երաժշտագետ, ՍՍՀՄ գրող. միութ. անդամ 1934-ից); bIն.տ. (Նրա որդիները՝ Ատաշեսն ու Հրաչիկը նոյնպես թարգմանիչներ են... Թբիլիսիում՝ թարգմանչաց ընտանիք)
670 ## - SOURCE DATA FOUND
- Source citation: Հոդվածներ և հուշեր, 1979 :
- Information found: տիտղթ. (Հ. Դավթյան)
670 ## - SOURCE DATA FOUND
- Source citation: Չխիկվաձե Պ. Հարկեր : Վեպ, 1934 :
- Information found: տիտղթ. (Թարգմ.՝ Արտ. յեվ Հովհ. Դավթյաններ); (Դավթյան Հովհ.)
ՀՀ Գիտությունների ազգային ակադեմիայի հիմնարար գիտական գրադարան = Fundamental Scientific Library of NAS RA
All site content, except where otherwise noted, is licensed under a